000 00377nam a22001337a 4500
020 _a9780199560882
082 _a616.079
100 _aPlayfair, J. H. L.; Bancroft, Gregory J.
245 _aInfection and immunity
_cPlayfair, J. H. L.; Bancroft, Gregory J.
260 _aNew York
_bOxford University Press
_c2008
300 _a341p
563 _aP.B
942 _2ddc
_cBK
999 _c589227
_d589227